Percy Jackson nicknames: titans, gods and giants included - Statistics

General Stats
  • This quiz has been taken 148 times
  • The average score is 20 of 38
Answer Stats
Hint Answer % Correct
Seaweed Brain/ Aquaman percy jackson
92%
The Wine Dude dionysus
87%
Wise Girl annabeth chase
86%
Mr. Poetry apollo
85%
The Wise One athena
85%
Her Most Annoying Majesty hera
85%
Lightning Boy/ Sparky jason grace
85%
Beauty Queen piper mclean
83%
The Dove aphrodite
82%
The Moon artemis
81%
The Messenger hermes
81%
Chinese Canadian Baby Man frank zhang
80%
Ghost King nico di angelo
79%
Barnacle Beard poseidon
76%
Air Head zeus
76%
Pinecone Face thalia grace
75%
Lord Tinker leo valdez
67%
Big Jerk ares
65%
Charlie charles beckendorf
65%
Corpse Breathe hades
65%
The Crooked One kronos
63%
Drakon Slayer clarisse la rue
55%
The General atlas
53%
Cool Aid Freak dakota
53%
Fur Face hephaestus
45%
Babe (Cal) calypso
35%
Tux Dude prometheus
23%
Rainbow Pony Dude butch
19%
Centurion Shish-kebab gwen/ gwendolyn
18%
The Ram krios
18%
The Watcher hyperion
17%
Hockey Ox calais
15%
Enchilada enceladus
9%
Groovy Love God zethes
9%
Ms. Metal Detector hazel levezque
7%
Bob lapetus
7%
Reaper of Men lityerses
6%
Golden Boy alcyoneus
3%
No matching quizzes found
Score Distribution
Percent of People with Each Score
Percentile by Number Answered
Your Score History
You have not taken this quiz